000
00320nam a2200133 a 4500
008
980908s1972||||xx 0 und c
040
_a
SNK
_b
slo
_c
SNK
_e
AACR2
245
1
0
_a
Stručný životopis V.I. Lenina
260
_a
Bratislava
_b
Pravda
_c
1972
300
_a
162 s.
044
_a
xo
_c
SK
041
_a
slo
020
_c
12
999
_c
15506
_d
15506